Historia de la aparición de la sma. Virgen María de Guadalupe en México : desde el año de MDXXXI al de MDCCCXCV : por un sacerdote de la Compañía de Jesús : tomo II /
محفوظ في:
| المؤلف الرئيسي: | |
|---|---|
| التنسيق: | كتاب |
| اللغة: | الإسبانية |
| الموضوعات: | |
| الوسوم: |
لا توجد وسوم, كن أول من يضع وسما على هذه التسجيلة!
|
MARC
| LEADER | 00000nam^a2200000^a^4500 | ||
|---|---|---|---|
| 001 | 000115493 | ||
| 005 | 20250526000000.0 | ||
| 009 | 20260310094057.071 | ||
| 037 | |a Acervo ITESO - Biblioteca | ||
| 041 | |a ESP | ||
| 082 | |a 232. 917 |b CAP V. 2 | ||
| 100 | |a Cappelletti, Enrique M. |e (autor) | ||
| 240 | 1 | 1 | |a [Historia de la aparición de la Santísima Virgen María de Guadalupe en México] |
| 245 | 1 | 0 | |a Historia de la aparición de la sma. Virgen María de Guadalupe en México : |b desde el año de MDXXXI al de MDCCCXCV : por un sacerdote de la Compañía de Jesús : tomo II / |c Atribución E.M. Cappelletti. |
| 264 | |a México : |b Tipografía y Litográfica La Europea de J. Aguilar Vera, |c 1897 | ||
| 300 | |a X, 492 p. ; |c 26.0 cm. | ||
| 649 | |a XX | ||
| 650 | |a Virgen de Guadalupe - |x Apariciones y Milagros - |x Tema Principal | ||
| 650 | |a Virgen de Guadalupe - |x Apariciones y Milagros - |x Historia | ||
| 650 | |a Virgen de Guadalupe - |x Culto - |x Historia | ||
| 650 | |a Virgen de Guadalupe - |z México - |x Culto - |x Historia | ||
| 650 | |a Virgen María - |x Apariciones y Milagros - |x Historia | ||
| 650 | |a Virgen María - |x Culto - |x Historia | ||
| 650 | |a Iglesia Católica en México | ||
| 650 | |a Cristianismo - |z México | ||
| 650 | |a Catolicismo - |z México | ||
| 650 | |a Religión - |z México | ||
| 910 | |a Fondo Salvador Reynoso Reynoso | ||
| 920 | |a Impresos - Libros | ||
| 930 | |a Libros Antiguos y Raros | ||
| 905 | |a 108 | ||
| 901 | |a 0800003428 |b IT2 |c LRA |u 20250526 | ||
| 902 | |a https://opac.biblio.iteso.mx/vufind/Record/000115493 | ||